000 00625nam a22002177a 4500
003 UA-OsUOA
001 97746
007 ta
008 20130404b un ||||| |||| 00| 0 ukr d
090 _a821.161.1
_bП34
942 _cBK
040 _aUA-OsUOA
_brus
_cUA-OsUOA
_dUA-OsUOA
245 _aПисатель и время
_bсборник документальной прозы
300 _a572 с.
955 _a2
041 _arus
080 _a821.161.1
260 _aМ.
_bСоветский писатель
_c1986
650 7 _a82 Література. Літературознавство
_2UDC
999 _c383998
_d383998